000 00327 a2200109 4500
001 ART_18427
005 20260410161702.0
008 260409a
245 1 0 _aHonorarios deducibles en el Impuesto a las Ganancias
100 1 _aJanuszewski, Karina
773 0 _tRevista Impuestos
_g- NÂș 4 (abr. 2012)
_wREV639
999 _c15232
_d15232